Statistics for Ticket to Ride USA - All destination tickets

Click here to take the quiz!

General Stats

  • This quiz has been taken 9 times
  • The average score is 16 of 30

Answer Stats

PointsTicket% Correct
4Denver - El Paso
86%
20Los Angeles - Miami
86%
22Seattle - New York
86%
12Boston - Miami
71%
11Denver - Pittsburgh
71%
16Los Angeles - Chicago
71%
21Los Angeles - New York
71%
17San Francisco - Atlanta
71%
10Toronto - Miami
71%
20Vancouver - Montreal
71%
11Dallas - New York
57%
8Duluth - Houston
57%
5Kansas City - Houston
57%
13Montreal - New Orleans
57%
6New York - Atlanta
57%
17Portland - Nashville
57%
8Sault St. Marie - Nashville
57%
9Seattle - Los Angeles
57%
12Winnipeg - Houston
57%
13Calgary - Phoenix
43%
8Helena - Los Angeles
43%
9Montreal - Atlanta
43%
11Portland - Phoenix
43%
9Sault St. Marie - Oklahoma City
43%
7Chicago - New Orleans
29%
10Duluth - El Paso
29%
7Calgary - Salt Lake City
14%
13Vancouver - Santa Fe
14%
11Winnipeg - Little Rock
14%
9Chicago - Santa Fe
0%

Score Distribution

Percentile by Number Answered

Percent of People with Each Score

Your Score History

You have not taken this quiz